| 000 | 01034cam a2200325Lu 4500 | ||
|---|---|---|---|
| 001 | 79109 | ||
| 003 | BJBSDDR | ||
| 005 | 20240827151138.0 | ||
| 007 | ta | ||
| 008 | 940530s1993 mx 001 0 spa d | ||
| 020 | _a9681641841 | ||
| 020 | _a9789681641849 | ||
| 029 | 0 |
_aZWZ _b097033472 |
|
| 035 | _a(OCoLC)ocn494079428 | ||
| 035 | _a(OCoLC)494079428 | ||
| 040 |
_aZWZ _encafnor _bspa _cZWZ |
||
| 041 | _aspa | ||
| 050 | 1 | 4 |
_aHC 135 _bV722l 1993 |
| 100 | 1 | _aVillarreal, René. | |
| 245 | 1 | 0 |
_aLiberalismo social y reforma del estado : _bMéxico en la era del capitalismo posmoderno / _cRené Villarreal. |
| 260 |
_aMéxico : _bNacional financiera ; _bFondo de cultura económica, _c1993. |
||
| 300 |
_a395 páginas ; _c21 cm. |
||
| 440 | 0 |
_aNueva cultura económica _938121 |
|
| 650 | 4 |
_aCapitalismo _91776 _zMéxico |
|
| 650 | 4 |
_aEconomía internacional _917355 |
|
| 651 | 4 |
_aMéxico _xPolítica económica _y1970-1994 _99620 |
|
| 651 | 4 |
_aMéxico _xCondiciones económicas _91547 |
|
| 942 |
_2lcc _cBK |
||
| 946 | _amfcruz | ||
| 999 |
_c33544 _d33544 |
||